[Event "St Petersburg Korchnoi Memorial op"]
[Site "St Petersburg"]
[Date "2024.08.20"]
[Round "7"]
[White "Solovyeva, Margarita"]
[Black "Dushin, Nikolay"]
[Result "0-1"]
[WhiteElo "1588"]
[BlackElo "1810"]
[PlyCount "66"]
[EventDate "2024.08.17"]
[EventType "swiss"]
[EventRounds "9"]
[EventCountry "RUS"]
[SourceTitle "EXT 2025"]
[Source "ChessBase"]
[SourceDate "2024.10.14"]
[SourceVersion "1"]
[SourceVersionDate "2024.10.14"]
[SourceQuality "1"]

1. d4 c5 2. Nf3 cxd4 3. Nxd4 Nf6 4. g3 g6 5. Bg2 Bg7 6. 0-0 0-0 7. c4 Nc6 8. Nc3 Qb6 9. Nf3 d6 10. b3 Qa5 11. Bb2 Qh5 12. Qd2 Bh6 13. e3 Bg4 14. Nd4 Rac8 15. Ne4 Nxe4 16. Bxe4 Ne5 17. f4 Bh3 18. Rfe1 Nd7 19. Bxb7 Rc5 20. Nc6 Re8 21. Qd4 e5 22. Qxd6 exf4 23. Ne7+ Rxe7 24. Qxe7 fxg3 25. hxg3 Rg5 26. Qd8+ Bf8 27. Qc7 Qh4 28. Re2 Rxg3+ 29. Bg2 Qg4 30. Qxg3 Qxg3 31. Rf1 Bd6 32. Rf3 Qh2+ 33. Kf1 Qh1+ 0-1

[Event "Chigorin Memorial 30th"]
[Site "St Petersburg"]
[Date "2023.10.28"]
[Round "8"]
[White "Kanter, Elizaveta"]
[Black "Dushin, Nikolay"]
[Result "1/2-1/2"]
[WhiteElo "1473"]
[BlackElo "1738"]
[PlyCount "65"]
[EventDate "2023.10.21"]
[EventType "swiss"]
[EventRounds "9"]
[EventCountry "RUS"]
[SourceTitle "CBM 216 Extra"]
[Source "ChessBase"]
[SourceDate "2023.11.30"]
[SourceVersion "1"]
[SourceVersionDate "2023.11.30"]
[SourceQuality "1"]

1. d4 d5 2. Nf3 e6 3. c4 Bb4+ 4. Bd2 Bxd2+ 5. Qxd2 Nf6 6. Nc3 0-0 7. g3 Nc6 8. Bg2 Ne4 9. Nxe4 dxe4 10. Ne5 Qxd4 11. Nxc6 Qxd2+ 12. Kxd2 bxc6 13. Bxe4 Rb8 14. Kc3 c5 15. Rhd1 Rb6 16. Rd2 Rd6 17. Rad1 Rfd8 18. e3 Kf8 19. a3 Rxd2 20. Rxd2 Rxd2 21. Kxd2 Ke7 22. f4 f5 23. Bf3 h6 24. h4 e5 25. Kc3 e4 26. Bd1 Bd7 27. Kd2 Be6 28. Kc3 Bd7 29. Kd2 Be6 30. Kc3 Bd7 31. Kd2 Be6 32. Kc3 Bd7 33. Kd2 1/2-1/2

[Event "St Petersburg Korchnoi Memorial op"]
[Site "St Petersburg"]
[Date "2023.08.21"]
[Round "6"]
[White "Dushin, Nikolay"]
[Black "Lisenkov, Svyatoslav"]
[Result "0-1"]
[WhiteElo "1743"]
[BlackElo "2089"]
[PlyCount "66"]
[EventDate "2023.08.18"]
[EventType "swiss"]
[EventRounds "9"]
[EventCountry "RUS"]
[SourceTitle "CBM 216 Extra"]
[Source "ChessBase"]
[SourceDate "2023.11.30"]
[SourceVersion "1"]
[SourceVersionDate "2023.11.30"]
[SourceQuality "1"]

1. d4 Nf6 2. Nf3 d5 3. Bf4 c5 4. e3 Nc6 5. c3 Qb6 6. Qb3 c4 7. Qc2 Bf5 8. Qc1 Nh5 9. Nbd2 Nxf4 10. exf4 h6 11. b3 cxb3 12. Nxb3 e6 13. Be2 Be7 14. Ne5 Rc8 15. 0-0 Nxe5 16. fxe5 0-0 17. Qb2 Rc6 18. a4 Rfc8 19. Rac1 a6 20. g4 Bh7 21. f4 Be4 22. Kf2 f6 23. a5 Qa7 24. Nd2 Rxc3 25. Nb3 Rc2 26. Rxc2 Rxc2 27. Qa1 fxe5 28. fxe5 Bh4+ 29. Ke3 Bg5+ 30. Kf2 Bd3 31. Re1 Qa8 32. Qd1 Qf8+ 33. Kg2 Be4+ 0-1

[Event "Chigorin Memorial 29th"]
[Site "St Petersburg"]
[Date "2022.10.24"]
[Round "3"]
[White "Dushin, Nikolay"]
[Black "Garmash, Aliona"]
[Result "0-1"]
[WhiteElo "1795"]
[BlackElo "2080"]
[PlyCount "72"]
[EventDate "2022.10.22"]
[EventType "swiss"]
[EventRounds "9"]
[EventCountry "RUS"]
[SourceTitle "EXT 2024"]
[Source "ChessBase"]
[SourceDate "2023.10.10"]
[SourceVersion "1"]
[SourceVersionDate "2023.10.10"]
[SourceQuality "1"]

1. d4 d5 2. Nf3 Nf6 3. Bf4 c5 4. e3 Nc6 5. c3 Qb6 6. Qb3 c4 7. Qxb6 axb6 8. Nbd2 b5 9. Ne5 Bf5 10. h3 Nxe5 11. Bxe5 Nd7 12. g4 Bg6 13. Bg2 e6 14. e4 f6 15. Bg3 Bf7 16. exd5 exd5 17. 0-0 Nb6 18. Rfe1+ Kd7 19. a3 Be7 20. Nf1 Rhe8 21. Ne3 Bf8 22. h4 Kc6 23. f4 b4 24. Nc2 bxc3 25. bxc3 Na4 26. Nb4+ Bxb4 27. cxb4 Nc3 28. Bf3 Rxe1+ 29. Bxe1 Nb5 30. Rc1 Kd6 31. Bf2 Rxa3 32. Kg2 Rb3 33. f5 Rxb4 34. Ra1 c3 35. Ra8 c2 36. Rc8 Rc4 0-1

[Event "Chigorin Memorial 28th"]
[Site "St Petersburg"]
[Date "2021.10.23"]
[Round "1"]
[White "Dushin, Nikolay"]
[Black "Kavyev, Ruslan"]
[Result "0-1"]
[WhiteElo "1855"]
[BlackElo "2304"]
[PlyCount "70"]
[EventDate "2021.10.23"]
[EventType "swiss"]
[EventRounds "9"]
[EventCountry "RUS"]
[SourceTitle "EXT 2023"]
[Source "ChessBase"]
[SourceDate "2022.10.05"]
[SourceVersion "1"]
[SourceVersionDate "2022.10.05"]
[SourceQuality "1"]

1. d4 Nf6 2. Nf3 g6 3. Nc3 d5 4. Bf4 Bg7 5. h3 a6 6. e3 0-0 7. Be2 c5 8. Ne5 Nc6 9. 0-0 cxd4 10. Nxc6 bxc6 11. exd4 Nd7 12. Qd2 Qb6 13. Rfd1 Qxb2 14. Rab1 Qa3 15. Bc7 e5 16. dxe5 Nxe5 17. Bxe5 Bxe5 18. Nxd5 cxd5 19. Qxd5 Bf5 20. Qxe5 Rae8 21. Qd6 Qxd6 22. Rxd6 Rxe2 23. Rxa6 Rxc2 24. Rb4 Rd8 25. Rf4 Rd1+ 26. Kh2 Rdd2 27. Kg1 Rxa2 28. Rxa2 Rxa2 29. Kh2 Kg7 30. h4 Kf6 31. g4 Ke5 32. Kg3 Be6 33. Rf3 Ra4 34. Re3+ Re4 35. f4+ Kd4 0-1

[Event "Chigorin Memorial 27th"]
[Site "St Petersburg"]
[Date "2019.10.09"]
[Round "5"]
[White "Dushin, Nikolay"]
[Black "Biriukov, Ilja"]
[Result "0-1"]
[WhiteElo "1856"]
[BlackElo "2349"]
[PlyCount "44"]
[EventDate "2019.10.05"]
[EventType "swiss"]
[EventRounds "9"]
[EventCountry "RUS"]
[SourceTitle "EXT 2020"]
[Source "ChessBase"]
[SourceDate "2019.10.17"]
[SourceVersion "1"]
[SourceVersionDate "2019.10.17"]
[SourceQuality "1"]

1. d4 Nf6 2. Nf3 c5 3. e3 d5 4. Be2 g6 5. Ne5 Bg7 6. Nd2 0-0 7. c3 Nbd7 8. f4 Qc7 9. 0-0 b6 10. a4 a6 11. Bf3 Bb7 12. Qc2 Rac8 13. Rf2 e6 14. Qd3 Ne8 15. Nxd7 Qxd7 16. dxc5 bxc5 17. e4 c4 18. Qf1 Nd6 19. exd5 exd5 20. Qd1 Rfe8 21. Re2 Qc7 22. Nf1 Nf5 0-1

[Event "St Petersburg Korchnoi Memorial op"]
[Site "St Petersburg"]
[Date "2019.08.22"]
[Round "9"]
[White "Rachkov, Andrey A"]
[Black "Dushin, Nikolay"]
[Result "0-1"]
[WhiteElo "1454"]
[BlackElo "1890"]
[PlyCount "86"]
[EventDate "2019.08.14"]
[EventType "swiss"]
[EventRounds "9"]
[EventCountry "RUS"]
[SourceTitle "CBM 192"]
[Source "ChessBase"]
[SourceDate "2019.10.31"]
[SourceVersion "1"]
[SourceVersionDate "2019.10.31"]
[SourceQuality "1"]

1. e4 c6 2. Nc3 d5 3. Nf3 dxe4 4. Nxe4 Bf5 5. Ng3 Bg6 6. Bc4 e6 7. 0-0 Nd7 8. Re1 Nb6 9. Bb3 Bd6 10. d4 Nf6 11. Ne5 Bxe5 12. dxe5 Qxd1 13. Rxd1 Nfd7 14. f4 a5 15. a4 Nc5 16. Be3 Nxb3 17. cxb3 Nd5 18. Kf2 f6 19. exf6 gxf6 20. f5 exf5 21. Re1 Kf7 22. Ne2 f4 23. Nxf4 Nxf4 24. Bxf4 Rhd8 25. Re3 Rd4 26. g3 Rad8 27. Rae1 Rd1 28. R1e2 Bh5 29. Rc2 R8d2+ 30. Rxd2 Rxd2+ 31. Kg1 Rxb2 32. Bd6 Kg6 33. Bc7 Bd1 34. Bxa5 Bxb3 35. Re4 Bd5 36. Rg4+ Kf7 37. h4 b6 38. Bc3 Rb3 39. Bd4 c5 40. a5 cxd4 41. Rxd4 Ke6 42. axb6 Rxg3+ 43. Kf2 Rb3 0-1

[Event "Chigorin Memorial 26th"]
[Site "St Petersburg"]
[Date "2018.10.30"]
[Round "4"]
[White "Dushin, Nikolay"]
[Black "Gitelson, Arkady"]
[Result "0-1"]
[WhiteElo "1881"]
[BlackElo "2264"]
[PlyCount "88"]
[EventDate "2018.10.27"]
[EventType "swiss"]
[EventRounds "9"]
[EventCountry "RUS"]
[SourceTitle "CBM 187 Extra"]
[Source "ChessBase"]
[SourceDate "2018.11.04"]
[SourceVersion "1"]
[SourceVersionDate "2018.11.04"]
[SourceQuality "1"]

1. c4 e5 2. g3 Nc6 3. Bg2 g6 4. Nc3 Bg7 5. d3 d6 6. h4 h5 7. Bg5 f6 8. Bd2 Be6 9. b4 Qd7 10. b5 Nd8 11. a4 a5 12. Rb1 Ne7 13. Qb3 0-0 14. e3 Bf7 15. Bh3 Ne6 16. Nd5 Nxd5 17. cxd5 Nc5 18. Qc4 Qe7 19. Bg2 c6 20. bxc6 bxc6 21. Ne2 f5 22. d4 exd4 23. Nxd4 Rac8 24. Bxa5 Qe5 25. Qe2 Bxd5 26. f4 Qe7 27. Bxd5+ cxd5 28. Bc3 Ne4 29. Ba1 Nxg3 30. Qf3 Nxh1 31. Kd2 Qe4 32. Qxe4 dxe4 33. Rxh1 Rf7 34. Rg1 Kh7 35. a5 Ra7 36. Bc3 Bxd4 37. Bxd4 Rxa5 38. Rb1 Ra2+ 39. Kd1 Rcc2 40. Rb7+ Kg8 41. Rg7+ Kf8 42. Rxg6 Rg2 43. Rg5 Rxg5 44. fxg5 Kf7 0-1

[Event "Chigorin Memorial 26th"]
[Site "St Petersburg"]
[Date "2018.10.29"]
[Round "3"]
[White "Ismagilov, Damir"]
[Black "Dushin, Nikolay"]
[Result "1-0"]
[WhiteElo "2116"]
[BlackElo "1881"]
[PlyCount "63"]
[EventDate "2018.10.27"]
[EventType "swiss"]
[EventRounds "9"]
[EventCountry "RUS"]
[SourceTitle "CBM 187 Extra"]
[Source "ChessBase"]
[SourceDate "2018.11.04"]
[SourceVersion "1"]
[SourceVersionDate "2018.11.04"]
[SourceQuality "1"]

1. d4 g6 2. e4 Bg7 3. Nc3 a6 4. Be3 d6 5. f4 Nd7 6. Nf3 b5 7. Bd3 c5 8. a4 b4 9. Ne2 Bb7 10. c3 bxc3 11. bxc3 Ngf6 12. d5 Qc7 13. Rb1 0-0 14. c4 Rfb8 15. 0-0 Bc8 16. Rc1 Nf8 17. Bd2 Bg4 18. Nh4 e6 19. h3 Bxe2 20. Qxe2 Rb2 21. Rc2 Rxc2 22. Bxc2 Rb8 23. Bc3 Nh5 24. Bxg7 Kxg7 25. f5 Qe7 26. Qf2 Nf6 27. Qg3 Nh5 28. Qg4 Kh8 29. dxe6 fxe6 30. fxg6 Nxg6 31. Nxg6+ hxg6 32. Qxg6 1-0

[Event "Chigorin Memorial 26th"]
[Site "St Petersburg"]
[Date "2018.10.27"]
[Round "1"]
[White "Baltabaev, Temirlan"]
[Black "Dushin, Nikolay"]
[Result "1-0"]
[WhiteElo "2332"]
[BlackElo "1881"]
[PlyCount "120"]
[EventDate "2018.10.27"]
[EventType "swiss"]
[EventRounds "9"]
[EventCountry "RUS"]
[SourceTitle "CBM 187 Extra"]
[Source "ChessBase"]
[SourceDate "2018.11.04"]
[SourceVersion "1"]
[SourceVersionDate "2018.11.04"]
[SourceQuality "1"]

1. d4 f5 2. c4 Nf6 3. Nc3 e6 4. g3 Be7 5. Bg2 0-0 6. Nf3 Qe8 7. 0-0 d6 8. Re1 Ne4 9. Qc2 Nxc3 10. Qxc3 Nd7 11. e4 fxe4 12. Rxe4 Nf6 13. Re2 Qh5 14. Bf4 h6 15. Rae1 g5 16. Bc1 Rf7 17. Nd2 Bd7 18. Ne4 Nxe4 19. Bxe4 c6 20. Qd3 Kg7 21. f4 Bf6 22. Rg2 d5 23. Bf3 g4 24. Bd1 Qf5 25. Qe3 dxc4 26. Bc2 Qd5 27. Rd1 Rd8 28. Be4 Qd6 29. Rgd2 h5 30. Qe2 b5 31. h3 gxh3 32. Qxh5 Rh8 33. Qf3 Kf8 34. b3 cxb3 35. Qxb3 a5 36. Kh2 Rg7 37. Qc3 b4 38. Qc5 Qxc5 39. dxc5 Be8 40. Rd6 Re7 41. Bxc6 Bxc6 42. Rxc6 Rh5 43. Be3 Kf7 44. g4 Rd5 45. Rd6 Rxd1 46. Rxd1 Rc7 47. Kxh3 Be7 48. Rc1 a4 49. Rc4 b3 50. axb3 axb3 51. Bd4 Rb7 52. c6 Rc7 53. Rc3 b2 54. Rb3 Rxc6 55. Bxb2 Rc4 56. Be5 Rc1 57. Rb7 Ke8 58. g5 Rg1 59. Kh4 Rh1+ 60. Kg4 Kf8 1-0

[Event "Chigorin Memorial 25th"]
[Site "St Petersburg"]
[Date "2017.10.28"]
[Round "8"]
[White "Patel, Palak"]
[Black "Dushin, Nikolay"]
[Result "0-1"]
[WhiteElo "1741"]
[BlackElo "1956"]
[PlyCount "104"]
[EventDate "2017.10.21"]
[EventType "swiss"]
[EventRounds "9"]
[EventCountry "RUS"]
[SourceTitle "CBM 181 Extra"]
[Source "ChessBase"]
[SourceDate "2017.12.12"]
[SourceVersion "1"]
[SourceVersionDate "2017.12.12"]
[SourceQuality "1"]

1. e4 g6 2. d4 Bg7 3. Nc3 a6 4. f4 d5 5. e5 h5 6. Be3 Nh6 7. Nf3 Bg4 8. h3 Bf5 9. Bd3 Bxd3 10. Qxd3 Nf5 11. 0-0-0 h4 12. Bd2 e6 13. Ne2 Nc6 14. Qb3 Rb8 15. Rdg1 Qd7 16. g4 hxg3 17. Qd3 Bf8 18. Nxg3 Nxg3 19. Rxg3 Ne7 20. Nh2 Nf5 21. Ng4 Be7 22. Rgg1 Qa4 23. Kb1 Qxd4 24. Qe2 Rd8 25. Bc1 Qb6 26. Qd3 c5 27. h4 c4 28. Qc3 Qc5 29. h5 gxh5 30. Nf6+ Bxf6 31. exf6 d4 32. Qf3 Qd5 33. Qa3 Qd6 34. Qf3 Qd5 35. Qa3 h4 36. Rh2 Kd7 37. Rg5 Kc8 38. Rh3 Kb8 39. b3 d3 40. cxd3 cxd3 41. Rg1 d2 42. Rc3 h3 43. Bxd2 h2 44. Rgc1 h1Q 45. Rxh1 Rxh1+ 46. Bc1 Qd6 47. Qa4 Qd7 48. Qe4 Rd1 49. a4 Rc8 50. Rxc8+ Qxc8 51. Qe5+ Qc7 52. Qb2 Rxc1+ 0-1

[Event "Chigorin Memorial 25th"]
[Site "St Petersburg"]
[Date "2017.10.22"]
[Round "2"]
[White "Dushin, Nikolay"]
[Black "Sviridov, Leon"]
[Result "1-0"]
[WhiteElo "1956"]
[BlackElo "1427"]
[PlyCount "69"]
[EventDate "2017.10.21"]
[EventType "swiss"]
[EventRounds "9"]
[EventCountry "RUS"]
[SourceTitle "CBM 181 Extra"]
[Source "ChessBase"]
[SourceDate "2017.12.12"]
[SourceVersion "1"]
[SourceVersionDate "2017.12.12"]
[SourceQuality "1"]

1. d4 Nf6 2. Bg5 g6 3. Nc3 Bg7 4. e4 d6 5. f3 0-0 6. Qd2 c6 7. Nge2 Nbd7 8. Bh6 a6 9. h4 Qb6 10. 0-0-0 Qa7 11. g4 b5 12. Ng3 Nb6 13. h5 b4 14. Nb1 Nxg4 15. Bxg7 Kxg7 16. hxg6 fxg6 17. fxg4 Rf7 18. Be2 Be6 19. Rdf1 Raf8 20. Qxb4 Qc7 21. Rxf7+ Rxf7 22. Rf1 Rxf1+ 23. Nxf1 d5 24. e5 Nc4 25. b3 a5 26. Qc3 Nb6 27. Qxa5 Qd8 28. Qe1 Qf8 29. Qg3 Qf7 30. a4 Qf8 31. a5 Na8 32. b4 Qb8 33. Qc3 Qb7 34. Ne3 Qa7 35. Nd2 1-0

[Event "Chigorin Memorial 24th"]
[Site "St Petersburg"]
[Date "2016.10.22"]
[Round "8"]
[White "Dushin, Nikolay"]
[Black "Yun, Vyacheslav"]
[Result "1-0"]
[WhiteElo "1948"]
[BlackElo "1766"]
[PlyCount "139"]
[EventDate "2016.10.15"]
[EventType "swiss"]
[EventRounds "9"]
[EventCountry "RUS"]
[SourceTitle "CBM 175 Extra"]
[Source "ChessBase"]
[SourceDate "2016.12.12"]
[SourceVersion "1"]
[SourceVersionDate "2016.12.12"]
[SourceQuality "1"]

1. Nf3 d5 2. c4 d4 3. g3 Nc6 4. d3 e5 5. Bg2 Nf6 6. 0-0 Be7 7. e3 0-0 8. exd4 exd4 9. Re1 Bg4 10. h3 Bh5 11. a3 a5 12. b3 Re8 13. Bb2 Qd7 14. Nbd2 Bc5 15. Qc2 h6 16. Nh2 Bg6 17. Ndf3 Qd6 18. Red1 Re7 19. Bc1 Rae8 20. Bf4 Qd7 21. g4 Bd6 22. Bd2 Re2 23. Re1 Bxh2+ 24. Nxh2 Rxe1+ 25. Bxe1 Ne5 26. Bf1 Qc6 27. Qd1 Nfd7 28. f4 Qf6 29. fxe5 Nxe5 30. Bf2 Qf4 31. Ra2 c5 32. Qd2 Qf6 33. Bg3 Nf3+ 34. Nxf3 Qxf3 35. Bf2 h5 36. Bg2 Qf6 37. Ra1 hxg4 38. hxg4 Re6 39. Rb1 Qe7 40. Re1 Rxe1+ 41. Qxe1 Qg5 42. Qd1 b6 43. Be4 f5 44. Bd5+ Kh7 45. Kf1 fxg4 46. Kg2 Bh5 47. Bg3 Qf6 48. Qf1 Qg5 49. Qf4 Qxf4 50. Bxf4 Bg6 51. Be4 Bxe4+ 52. dxe4 Kg6 53. Kf2 Kf6 54. a4 Ke6 55. Ke2 Kd7 56. Kd3 Kc6 57. e5 Kd7 58. Ke4 Ke6 59. Bh2 g5 60. Bg3 Ke7 61. Be1 Ke6 62. Bf2 Ke7 63. Bg3 Ke6 64. Be1 Ke7 65. Bd2 Ke6 66. Bxg5 g3 67. Kf3 d3 68. Bd2 Kxe5 69. Kxg3 Ke4 70. Kf2 1-0

[Event "Chigorin Memorial 24th"]
[Site "St Petersburg"]
[Date "2016.10.19"]
[Round "5"]
[White "Chibukhchyan, Erik"]
[Black "Dushin, Nikolay"]
[Result "1-0"]
[WhiteElo "2135"]
[BlackElo "1948"]
[PlyCount "101"]
[EventDate "2016.10.15"]
[EventType "swiss"]
[EventRounds "9"]
[EventCountry "RUS"]
[SourceTitle "CBM 175 Extra"]
[Source "ChessBase"]
[SourceDate "2016.12.12"]
[SourceVersion "1"]
[SourceVersionDate "2016.12.12"]
[SourceQuality "1"]

1. e4 c5 2. Nf3 a6 3. c4 g6 4. d4 cxd4 5. Nxd4 Bg7 6. Be3 Nf6 7. Nc3 d6 8. Be2 Nc6 9. 0-0 0-0 10. Qd2 Nxd4 11. Bxd4 Bd7 12. f3 Bc6 13. Rfd1 Re8 14. Bf1 Rb8 15. Ba7 Rc8 16. Be3 Qa5 17. a3 Qc7 18. b4 Bd7 19. Rac1 h5 20. Qf2 Ra8 21. Bb6 Qb8 22. Nd5 Nxd5 23. exd5 e6 24. dxe6 Rxe6 25. Re1 Qe8 26. Bd3 Qe7 27. Rxe6 Bxe6 28. Bd4 Rc8 29. Rc2 Rc7 30. Bf1 d5 31. c5 Qf8 32. Rd2 Bh6 33. f4 Bg7 34. g3 Rd7 35. Bg2 Qd8 36. Bf3 Bf8 37. Re2 Bg4 38. Kg2 Be7 39. Qe3 Qf8 40. Bxg4 hxg4 41. Qe5 Kh7 42. f5 Bg5 43. f6 Bc1 44. Qe8 Qxe8 45. Rxe8 g5 46. Re7 Rd8 47. Rxf7+ Kg6 48. Rxb7 Re8 49. f7 Rc8 50. c6 a5 51. Bc5 1-0

[Event "Chigorin Memorial 24th"]
[Site "St Petersburg"]
[Date "2016.10.18"]
[Round "4"]
[White "Dushin, Nikolay"]
[Black "Egorov, Pavel"]
[Result "0-1"]
[WhiteElo "1948"]
[BlackElo "2257"]
[PlyCount "152"]
[EventDate "2016.10.15"]
[EventType "swiss"]
[EventRounds "9"]
[EventCountry "RUS"]
[SourceTitle "CBM 175 Extra"]
[Source "ChessBase"]
[SourceDate "2016.12.12"]
[SourceVersion "1"]
[SourceVersionDate "2016.12.12"]
[SourceQuality "1"]

1. Nf3 Nf6 2. c4 g6 3. b3 Bg7 4. Bb2 0-0 5. g3 d5 6. Bg2 Nc6 7. 0-0 a5 8. cxd5 Nxd5 9. Bxg7 Kxg7 10. d4 Nf6 11. h3 a4 12. bxa4 Qd5 13. Nc3 Qc4 14. Rc1 Rd8 15. e3 Qa6 16. Nd2 e5 17. d5 Nb4 18. e4 Bd7 19. f4 Nd3 20. fxe5 Nxe5 21. Nf3 Qb6+ 22. Kh1 Re8 23. Nxe5 Rxe5 24. Qf3 Qd6 25. Rf2 Re7 26. Qf4 Nh5 27. Qxd6 cxd6 28. g4 Nf6 29. g5 Ne8 30. Rb1 Bxa4 31. Rb4 b5 32. Rfb2 Nc7 33. Nxa4 bxa4 34. Rb6 Ne8 35. a3 h6 36. gxh6+ Kxh6 37. R2b4 Kg5 38. Bf1 Kf4 39. Bb5 Rxe4 40. Bc6 Rd8 41. Bxa4 Nf6 42. Bc6 Rh8 43. Kg2 Rh5 44. a4 Nxd5 45. Rxe4+ Kxe4 46. a5 Kd4 47. Bxd5 Rxd5 48. a6 Ke5 49. a7 Rd2+ 50. Kf3 Ra2 51. Rb7 f5 52. Re7+ Kf6 53. Rd7 Ra3+ 54. Kg2 Ke5 55. Rg7 d5 56. Rxg6 Rxa7 57. Rg8 d4 58. Rd8 Ke4 59. Re8+ Kf4 60. Kf2 Ra2+ 61. Ke1 Rh2 62. Kd1 Rxh3 63. Kd2 Re3 64. Rd8 Ke4 65. Re8+ Kf3 66. Rd8 Re4 67. Kd3 f4 68. Rg8 Re7 69. Rg6 Kf2 70. Rg4 Kf3 71. Rg8 Kf2 72. Rg4 f3 73. Kd2 Kf1 74. Rxd4 f2 75. Rd8 Rg7 76. Rf8 Kg2 0-1

[Event "Chigorin Memorial 24th"]
[Site "St Petersburg"]
[Date "2016.10.15"]
[Round "1"]
[White "Aguera Naredo, Javier"]
[Black "Dushin, Nikolay"]
[Result "1-0"]
[WhiteElo "2367"]
[BlackElo "1948"]
[PlyCount "77"]
[EventDate "2016.10.15"]
[EventType "swiss"]
[EventRounds "9"]
[EventCountry "RUS"]
[SourceTitle "CBM 175 Extra"]
[Source "ChessBase"]
[SourceDate "2016.12.12"]
[SourceVersion "1"]
[SourceVersionDate "2016.12.12"]
[SourceQuality "1"]

1. e4 c5 2. Nf3 e6 3. d4 cxd4 4. Nxd4 Nf6 5. Nc3 d6 6. g4 a6 7. g5 Nfd7 8. h4 Nc6 9. Be3 Qc7 10. f4 b5 11. Nxc6 Qxc6 12. a3 Bb7 13. Qd4 Rc8 14. 0-0-0 Nc5 15. Bg2 Na4 16. Rd3 Qc5 17. Qxa4 Qxe3+ 18. Rxe3 bxa4 19. Nxa4 Be7 20. f5 Bc6 21. Nb6 Rb8 22. Nd5 Bxd5 23. exd5 e5 24. Be4 h6 25. g6 0-0 26. gxf7+ Kxf7 27. Rc3 Rfc8 28. Rc6 a5 29. b3 Rxc6 30. dxc6 Bd8 31. Bd5+ Ke8 32. Kb2 Bb6 33. b4 axb4 34. axb4 Rc8 35. Ra1 h5 36. Ra6 Bd8 37. b5 Rb8 38. c4 Bxh4 39. c7 1-0